| 000 | 01208nam a22003497a 4500 | ||
|---|---|---|---|
| 999 |
_c491 _d491 |
||
| 001 | 003664 | ||
| 003 | CoMeUDC003664 | ||
| 005 | 20181217225127.0 | ||
| 008 | 170922s2016 ag b 000 0 spa | ||
| 010 | _a 2017410886 | ||
| 020 | _a9789873790263 | ||
| 020 | _a9873790268 | ||
| 040 |
_aDLC _beng _erda _cCoMeUDC |
||
| 042 | _apcc | ||
| 043 | _as-ag--- | ||
| 082 |
_a343.071 _bK92d |
||
| 100 | 1 |
_aKrieger, Walter F., _eauthor. |
|
| 245 | 1 | 0 |
_aDerecho del consumidor / _cWalter Fernando Krieger, Sergio Sebastián Barocelli. |
| 264 | 1 |
_aBuenos Aires, República Argentina : _bEl Derecho, _c2016. |
|
| 300 |
_a133 pages ; _c23 cm. |
||
| 336 |
_atext _btxt _2rdacontent |
||
| 337 |
_aunmediated _bn _2rdamedia |
||
| 338 |
_avolume _bnc _2rdacarrier |
||
| 490 | 0 | _aColección Código civil y comercial de la nación | |
| 504 | _aIncludes bibliographical references. | ||
| 650 | 0 |
_aProtección al consumidor. _xLey y legislación. _zArgentina. _9862 |
|
| 650 | 0 |
_aConsumidores _9863 |
|
| 700 | 1 |
_aBarocelli, Sergio Sebastián, _eauthor. |
|
| 906 |
_a7 _bcbc _corigres _d2 _encip _f20 _gy-gencatlg |
||
| 942 |
_2ddc _cBK |
||